000 00888nam a2200265Ia 4500
003 OSt
005 20220930072705.0
006 a|||||r|||| 00| 0
007 ta
008 220926b |||||||| |||| 00| 0 eng d
024 _a24762
037 _cTheses
040 _aCRL
_cCRL
_beng
041 _2eng
_aeng
100 _aMajumdar Haimanti
_9530270
110 _aUniversity of Delhi. Faculty of Medical Sciences. Department of Pathology
245 0 _aCytomorphology of skin lesions in leprosy
_b Correlations with bacillemia and histopathological classification
260 _c1998
300 _a92p.
_ap.
_ccm.
650 _aPATHOLOGY
_9174058
700 _a Dr Vinay Kamal Supervisor
_9530271
700 _aUniversity of Delhi. Faculty of Medical Sciences. Department of Pathology
942 _cDIS
_2CC
999 _c864197
_d864197